Дело о выдаче видов на жительство вдове и дочери умершего актёра Николая Михайлова, а сыну его Константину - свидетельства для п...

Доступно только в Электронных читальных залах Найти на картеНа карте
RUSMARC
00004280nmc2a22000003x 450
001011f258e-f623-41fc-9dd4-9ee2f67f1465
00520181003101203.0
100##$a20161208l18121814k l0rusy0189 ca
1010#$arus
102##$aRU
2001#$aДело о выдаче видов на жительство вдове и дочери умершего актёра Николая Михайлова, а сыну его Константину - свидетельства для поступления в ополчение
$j12 октября 1812 г. - ноябрь 1814 г.
251##$cДело
300##$aДело
300##$aОриг. заголовок дела: Дело по прошению жены умершего актёра Николая Михайлова, вдовы Дарьи Федоровой, о даче сыну её свидетельства, на вступление в народное ополчение, а ей для жительства паспорт. 12 октября 1812 г. - ноябрь 1814 г
801#0$aRU
$bРГИА
$c20161208
$gRCR
801#1$aRU
$bГлавНИВЦ
$c20161208
$2rusmarc
801#2$aRU
$bПБ им. Б.Н. Ельцина
$c20181003
$gRCR
$2rusmarc
850##$aРГИА
852##$aРГИА
$eФедеральное казенное учреждение "Российский государственный исторический архив" (РГИА)
$j1008
937##$hРГИА
$d12234937
$aASBIBLIO_SCAN
462#0$1001dd3991dc-24e1-42ec-8838-ca4255420416
$12001
$a1746-1850 гг.
$1251
$cОпись
$1852
$j1
461#0$10019264ebf8-de62-4f1a-9eb4-9f22098dbbd5
$12001
$aДирекция императорских театров МИДв
$1251
$cФонд
$1852
$j497
215##$a12 л.
$d36,5х26 см
371##$aДокумент не является опубликованным и широко распространяемым
105##$ay###
1222#$ad
5171#$aДело по прошению жены умершего актёра Николая Михайлова, вдовы Дарьи Федоровой, о даче сыну её свидетельства, на вступление в народное ополчение, а ей для жительства паспорт. 12 октября 1812 г. - ноябрь 1814 г
035##$a011f258e-f623-41fc-9dd4-9ee2f67f1465
856##$uhttp://readingroom.main.prlib.ru/item.aspx?id_node=n118829608&mode=full
Формат отображения